000 007780000a22002170004500
090 _aAR
_b01218
245 1 0 _aHábitos alimentarios de Glossophaga longirostris miller (<Chiroptera: Phyllostomidae>) en una zona árida de los Andes Venezolanos
650 1 4 _aHábitos alimentarios
_93824
650 1 4 _aFrugivoría
_97233
650 1 4 _aZonas áridas
_93658
650 1 4 _aPolinización
_994027
651 4 _lLaguna de Caparú
_dMérida
_pVenezuela
_992749
653 _fChiroptera
_gGlossophaga
_eGlossophaga longirostris
653 _fCactaceae
041 0 _aEspañol
700 1 _aSosa, Maricela
_994489
700 1 _aRossell, Osman
_994490
100 1 _aSoriano M., Pascual J.
_994184
942 _cARTICULO
773 1 _tRevista de Biología Tropical
_3129
_h2
_q263-268
_d1991
_g39
999 _c10304
_d10304